| 000 | 01374cam a2200337 4500 | ||
|---|---|---|---|
| 001 | 27594 | ||
| 003 | BD-RjUL | ||
| 005 | 20211209051157.0 | ||
| 008 | 140325s1952 nyua 001 0aeng d | ||
| 020 | _a0374960941 | ||
| 035 | _a(BD-RjUL)27668 | ||
| 040 |
_aDLC _cDLC _dDLC _beng |
||
| 041 | _aeng | ||
| 082 | 0 | 0 |
_a917.4710330924 _bSTD V-1 1952 |
| 100 | 1 |
_aStrong, George Templeton, _d1820-1875. _984743 |
|
| 245 | 1 | 4 |
_aThe diary of George Templeton Strong : _cEdited by Allan Nevins and Milton Halsey Thomas. _bYoung Man in New York 1835-1849 / _nVolume 1 |
| 260 |
_aNew York : _bThe Macmillam Co. ,, _cc1952. |
||
| 300 |
_a391p. : _billus. _c24 cm. |
||
| 500 | _aReprint of the ed. published by Macmillan, New York. | ||
| 504 | _aIncludes Index | ||
| 505 | 0 | _a1. Young man in New York, 1835-1849. 2. The turbulent fifties, 1850-1859. 3. The Civil War, 1860-1865.--4. Post-war years, 1865-1875. | |
| 600 | 1 | 0 |
_aStrong, George Templeton, _d1820-1875. _984838 |
| 651 | 0 |
_aUnited States _xPolitics and government _y19th century. _956032 |
|
| 651 | 0 |
_aNew York (N.Y.) _xSocial life and customs _y19th century. _984165 |
|
| 651 | 0 |
_aUnited States _xHistory _yCivil War, 1861-1865 _xPersonal narratives. _984166 |
|
| 700 | 1 |
_aNevins, Allan _984746 |
|
| 942 |
_2ddc _cBK |
||
| 999 |
_c27594 _d27594 |
||